All Marvel Characters - Statistics

General Stats
  • This quiz has been taken 38 times
    15 since last reset
  • The average score is 16 of 204
Answer Stats
Answer % Correct
Captain America
67%
Hulk
67%
Iron Man
67%
Spider-Man
58%
Thor
50%
Deadpool
42%
Red Hulk
42%
Black Panther
33%
Cyclops
33%
Loki
33%
Mary Jane
33%
Tony Stark
33%
Wolverine
33%
Black Widow
25%
Doctor Strange
25%
Drax
25%
Gamora
25%
Green Goblin
25%
Groot
25%
Gwen Stacy
25%
Magneto
25%
Nick Fury
25%
She-Hulk
25%
Star-Lord
25%
Thanos
25%
Venom
25%
Beast
17%
Blade
17%
Bucky Barnes
17%
Captain Marvel
17%
Carnage
17%
Charles Xavier
17%
Doctor Octopus
17%
Falcon
17%
Happy Hogan
17%
Hawkeye
17%
Hela
17%
Mandarin
17%
Nebula
17%
Pepper Potts
17%
Red Skull
17%
Rocket Racoon
17%
Silver Surfer
17%
Steve Rogers
17%
The Winter Soldier
17%
Vision
17%
Abomination
8%
America Chavez
8%
Ancient One
8%
Aunt May
8%
Black Bolt
8%
Cable
8%
Cassandra Nova
8%
Clint Barton
8%
Colossus
8%
Doctor Doom
8%
Dr Doom
8%
Electro
8%
El Muerto
8%
Goose
8%
Hank Pym
8%
Howard Stark
8%
Howard The Duck
8%
Human Torch
8%
Jane Foster
8%
Jubilee
8%
Juggernaut
8%
Kang
8%
Killmonger
8%
Lizard
8%
Miles Morales
8%
Morbius
8%
Namor
8%
Natasha Romanoff
8%
Peggy Carter
8%
Phoenix
8%
Rhino
8%
Sandman
8%
Shocker
8%
The Thing
8%
Uncle Ben
8%
Wasp
8%
Yondu
8%
Adam Warlock
0%
Agatha Harkness
0%
Alicia Masters
0%
Aneka
0%
Angel
0%
Angela
0%
Annihilus
0%
Anti-Venom
0%
Apocalypse
0%
Arcade
0%
Arnim Zola
0%
Ayo
0%
Banshee
0%
Baron Mordo
0%
Baron Zemo
0%
Beetle
0%
Ben Grimm
0%
Beta Ray Bill
0%
Betty Brant
0%
Beyonder
0%
Big Bertha
0%
Black Cat
0%
Blind Al
0%
Boomerang
0%
Bruce Bunner
0%
Bullseye
0%
Captain Britain
0%
Carol Danvers
0%
Cassie Lang
0%
Chameleon
0%
Cletus Kasady
0%
Cloak
0%
Cosmo
0%
Crimson Dynamo
0%
Crusher Hogan
0%
Cull Obsidian
0%
Dagger
0%
Darcy Levis
0%
Daredevil
0%
Darren Cross
0%
Deadpool 2099
0%
Devil Dinosaur
0%
Doctor Bong
0%
Dogpool
0%
Domino
0%
Dormammu
0%
Ebony Maw
0%
Edwin Jarvis
0%
Elektra
0%
Enchantress
0%
Erik Selvig
0%
Eternity
0%
Everett Ross
0%
Executioner
0%
Flash Thompson
0%
Foggy Nelson
0%
Foolkiller
0%
Galactus
0%
Gambit
0%
Giant-Man
0%
Hammerhead
0%
Harry Osborn
0%
Hercules
0%
Hobgoblin
0%
Hydro-Man
0%
Invisible Girl
0%
Iron Fist
0%
Janet Van Dyne
0%
Jessica Jones
0%
Johnny Storm
0%
Julia Carpenter
0%
Justin Hammer
0%
Karen Page
0%
Kate Bishop
0%
Kingpin
0%
Kraven The Hunter
0%
Luke Cage
0%
Madame Web
0%
Matt Murdock
0%
Maya Lopez
0%
Miracle Man
0%
Mister Fantastic
0%
Mobius
0%
Mole Man
0%
Moon Girl
0%
Mysterio
0%
Nick Fury JR.
0%
Norman Osborn
0%
Obadiah Stane
0%
Proffesor X
0%
Prowler
0%
Puppet Master
0%
Reed Richards
0%
Rick Jones
0%
Ringmaster
0%
Robbie Reyes
0%
Rogue
0%
Sam Wilson
0%
Scorpion
0%
Scott Lang
0%
Simon Williams
0%
Sins Eater
0%
Skurge
0%
Spider-Man 2099
0%
Sub-Mariner
0%
Susan Storm
0%
The Spot
0%
The Watcher
0%
Tinkerer
0%
Tombstone
0%
Ultron
0%
U.S. Agent
0%
Victor von Doom
0%
Vulture
0%
Wanda Maximoff
0%
Warda Wilson
0%
Wonder Man
0%
Wong
0%
X-23
0%
Yao
0%
Yelena
0%
No matching quizzes found
Score Distribution
Percent of People with Each Score
Percentile by Number Answered
Your Score History
You have not taken this quiz since the last reset